000 00721nam a22002057a 4500
999 _c10882
_d10882
003 AR-CdUCM
008 190402b ||||| |||| 00| 0 spa d
040 _aMUNICIPALIDAD PROVINCIAL DEL CUSCO
_cBIBLIOTECA MUNICIPAL DEL CUSCO
082 _a301.158 /
_bJ54 / 1930
100 _aJiménez de Asua, Luis
_99133
245 _aAl servicio de la nueva generación /
260 _aMadrid :
_bJavier Morata,
_c1930.
300 _a191 páginas ;
_c18 cm.
505 _aContenido: Juventud -- Respuesta abierta a una señorita -- Las nuevas mujeres -- Los estudiantes.
650 _aRelaciones personales
_927931
650 _aJuventud
_94964
650 _aContinuidad histórica
_927932
942 _2ddc
_cLIBROS
945 _aacv